000 00682nam a2200289Ia 4500
005 20260324140807.0
008 008 260324s9999 xx 000 0 eng d
020 _a9780203979334
037 _aEBOOK
040 _aCRL
040 _beng
040 _cCRL
041 _2eng
041 _aeng
084 _qCRL
100 _aVladimir Brovkin
_91205771
245 0 _aRussia After Lenin
245 0 _bPolitics, Culture and Society, 1921-1929
260 _bTaylor and Francis
260 _c1998
365 _a
365 _b62.99
856 _uhttp://www.taylorfrancis.com/books/9780203979334
942 _cEBOOK
999 _c1808176
_d1808176